Коледа (Запис номер 498786)
[ съкратено ]
| 000 -Лидер | |
|---|---|
| Лидер | 01016nam a2200265 a 4500 |
| 003 - Код на организацията, давaща контролен номер | |
| Код на организацията, даваща контролен номер | BLK |
| 005 - Дата и час на последна редакция | |
| Дата и час на последна редакция | 20250104121812.0 |
| 008 - Елементи от данни с фиксирана дължина | |
| Елементи с фиксирана дължина | 200123b bu |||||r|||| 00| 0 bu d |
| 020 ## - Международен стандартен номер на книга ISBN | |
| ISBN | 9786192405830 |
| 020 ## - Международен стандартен номер на книга ISBN | |
| ISBN | 978-619-240-583-0 |
| 040 ## - Източник на каталожния запис | |
| Код на библиотеката | BLK |
| 041 ## - Код за език | |
| Език | Български |
| Език за КДБФ | Български |
| 080 ## - УДК | |
| УДК текст | Издания за деца и юноши. Книжки-картинки. Читанки. Вж и 372.4 |
| УДК код | 087.5 |
| УДК – код + определител | 087.5 |
| 084 ## - Класификационен индекс по друга класификация | |
| Авторски знак | Колев - К 78 |
| 245 ## - Сведения за заглавието | |
| Заглавие | Коледа |
| Подзаглавни данни | повдигни капачето и научи думата |
| 260 ## - Област на издателските данни | |
| 9 (RLIN) | 209558 |
| Място на издаване | София |
| Име на издателя | ПАН |
| Година на издаване | [2022] |
| Печатница | (Китай) |
| Издателство - префикс ISBN | 978-954-660- ; 978-954-657- |
| 300 ## - Физическа характеристика | |
| Брой страници | 10 с. |
| Илюстрации | с цв. ил. |
| Размер | 20 см |
| 380 ## - Жанр | |
| Жанр | Детска отраслова лит. |
| 490 ## - СЕРИИ (Колекции) | |
| 9 (RLIN) | 495801 |
| Серия | Виж под капачето! |
| 500 ## - Общи забележки | |
| Обща забележка | Кор. опис. - Кн. отпеч. на ламиниран картон. |
| 653 ## - Ключова дума – ненормативна | |
| 9 (RLIN) | 188751 |
| Ключови думи | книжки-играчки |
| 852 ## - Местоположение | |
| Сигнатура (форматна) | Цб 325175 |
| Отдел | Хранилище |
| 942 ## - АРТИКУЛИ | |
| Вид на библиотечния документ | Книги |
| Скрит в OPAC | Не |
| Периодичен библиозапис | Да |
| Koha issues (borrowed), all copies | 7 |
| 944 ## - СЪЗДАВАНЕ И РЕДАКЦИЯ на ЗАПИСА | |
| Дата на регистрацията/редакция | Нора Радева |
| Служител, извършил регистрацията/редакцията | 30540 |
| Номер на служител | Севдалина Тодорова |
| 999 ## - СИСТЕМНИ КОНТРОЛНИ НОМЕРА | |
| Koha biblionumber | 498786 |
| Koha biblioitemnumber | 498786 |
| Код за отписване | Код за изгубен артикул | Източник на класификационната схема | Код за повреда | Код за отдаване | Артикулен № | Име на библиотеката - собственик | Име на библиотеката, в която се намира в момента | Статус (Текущо местоположение) | Дата на вписване в системата | Местоположение - отдел | Цена в лева | Инвентарен номер | Систематично азбучна сигнатура | Баркод | Цена в евро | Служебен тип на артикула | Коз за рестрикции |
|---|---|---|---|---|---|---|---|---|---|---|---|---|---|---|---|---|---|
| Не е изгубен | Universal Decimal Classification | Не е повреден | заемане за дома | 937096 | Регионална библиотека "Любен Каравелов" Русе | Регионална библиотека "Любен Каравелов" Русе | Детски отдел | 2023-12-07 | Детски отдел | 8.33 | 120000896175 | 087.5/К 78 | 120000896175 | 4.26 | Книги | ||
| Не е изгубен | Universal Decimal Classification | Не е повреден | заемане за дома | 937097 | Регионална библиотека "Любен Каравелов" Русе | Регионална библиотека "Любен Каравелов" Русе | Детски отдел | 2023-12-07 | Детски отдел | 8.33 | 120000896174 | 087.5/К 78 | 120000896174 | 4.26 | Книги | ||
| Не е изгубен | Universal Decimal Classification | Не е повреден | заемане за дома | 937098 | Регионална библиотека "Любен Каравелов" Русе | Регионална библиотека "Любен Каравелов" Русе | Детски отдел | 2023-12-07 | Детски отдел | 8.33 | 120000896173 | 087.5/К 78 | 120000896173 | 4.26 | Книги | ||
| Не е изгубен | Universal Decimal Classification | Не е повреден | ползва се в читалня | 953811 | Регионална библиотека "Любен Каравелов" Русе | Регионална библиотека "Любен Каравелов" Русе | Хранилище | 2024-11-04 | Хранилище | 11.90 | 120000914573 | Цб 325175 | 120000914573 | 6.08 | Книги | само за читалня |